Немецкие шванки и народные книги XVII века: пер. с нем.

Bibliographische Detailangaben
Weitere Verfasser: Пуришев Б. И. (составитель), Жирмунский В., Маркович Е., Москалева Н.
Zusammenfassung:В книгу вошли известные сборники озорных и поучительных немецких шванков XVI века, а также широко популярные во всех сословиях так называемые "народные книги" того же времени: "Фортунат", "Шильдбюргеры" и "История о докторе Фаусте"
Sprache:Russisch
Veröffentlicht: Москва, Художественная литература, 1990
Schriftenreihe:Литература эпохи Возрождения
Schlagworte:
Format: Buch
KOHA link:https://koha.lib.tpu.ru/cgi-bin/koha/opac-detail.pl?biblionumber=156062

MARC

LEADER 00000nam0a2200000 4500
001 156062
005 20231031152902.0
010 |a 5280012157 
035 |a (RuTPU)RU\TPU\book\169261 
035 |a RU\TPU\book\162749 
090 |a 156062 
100 |a 20090323d1990 m y0rusy5003 ca 
101 1 |a rus  |c ger 
102 |a RU 
105 |a a z 001ay 
200 1 |a Немецкие шванки и народные книги XVII века  |e пер. с нем.  |f сост. Б. И. Пуришев ; авторы комментарий В. Жирмунский ; Е. Маркович ; Н. Москалева 
210 |a Москва  |c Художественная литература  |d 1990 
215 |a 639 с.  |c ил.  |d 23 см 
225 1 |a Литература эпохи Возрождения 
320 |a Комментарии: с. 617-638 
330 |a В книгу вошли известные сборники озорных и поучительных немецких шванков XVI века, а также широко популярные во всех сословиях так называемые "народные книги" того же времени: "Фортунат", "Шильдбюргеры" и "История о докторе Фаусте" 
610 1 |a немецкая литература 
610 1 |a сатира 
610 1 |a 17 век 
610 1 |a Возрождение 
675 |a 83  |z rus  |v 3 
702 1 |a Пуришев  |b Б. И.  |4 220 
702 1 |a Жирмунский  |b В.  |4 210 
702 1 |a Маркович  |b Е.  |4 210 
702 1 |a Москалева  |b Н.  |4 210 
801 0 |a RU  |b RuMRKP  |c 19950417  |g psbo 
801 1 |a RU  |b 63413507  |c 20081226  |g PSBO 
801 2 |a RU  |b 63413507  |c 20090603  |g PSBO 
942 |c BK